| 000 | 01016nam a2200325 a 4500 | ||
|---|---|---|---|
| 001 | 3557109 | ||
| 003 | NUST - PNEC | ||
| 005 | 20170116181133.0 | ||
| 008 | 970904s1997 ii ab 001 0 eng | ||
| 010 | _a 97904766 | ||
| 020 | _a817304189X | ||
| 025 | _aI-E-97-904766; 62-92 | ||
| 040 |
_aDLC _cLIBRARY |
||
| 042 | _alcode | ||
| 043 |
_aa-bg--- _aa-ii--- |
||
| 050 | 0 | 0 |
_aDS395.5 _b.J315 1997 |
| 082 | 0 | 0 |
_a954.92051 JAC _221 |
| 100 | 1 |
_aJacob, J. F. R. _q(Jacob F. R.) |
|
| 245 | 1 | 0 |
_aSurrender at Dacca: birth of a nation _cJ.F.R. Jacob. |
| 260 |
_aNew Delhi : _bManohar Publishers & Distributors, _cc.1997 |
||
| 300 |
_a263 p. : _bill., maps ; _c23 cm. |
||
| 500 | _aOne map in pocket. | ||
| 500 | _aIncludes index. | ||
| 650 |
_914112 _aBirth of a nation _xGeneral |
||
| 651 | 0 |
_aBangladesh _xHistory _yRevolution, 1971- _xCampaign. |
|
| 651 | 0 |
_aIndia _xHistory, Military. |
|
| 906 |
_a7 _bcbc _corigode _d3 _encip _f19 _gy-gencatlg |
||
| 942 |
_2ddc _cBK |
||
| 999 |
_c70087 _d70087 |
||